[Event "Niedersachsen-ch Seniors op 13th"]
[Site "Bad Bevensen"]
[Date "2010.07.14"]
[Round "9"]
[White "Brueggemann, Hans"]
[Black "Schowalter, Gerd"]
[Result "0-1"]
[WhiteElo "1693"]
[BlackElo "1797"]
[PlyCount "94"]
[EventDate "2010.07.06"]
[EventType "swiss"]
[EventRounds "9"]
[EventCountry "GER"]
[SourceTitle "EXT 2012"]
[Source "ChessBase"]
[SourceDate "2011.11.24"]
[SourceVersion "1"]
[SourceVersionDate "2011.11.24"]
[SourceQuality "1"]

1. e4 e6 2. d4 d5 3. exd5 exd5 4. Nf3 Nf6 5. Be2 Be7 6. 0-0 Bf5 7. Nbd2 0-0 8. c3 c6 9. Re1 Re8 10. Nf1 Ne4 11. Bf4 Nd7 12. Ng3 Nxg3 13. hxg3 Nf6 14. Bd3 Bxd3 15. Qxd3 Ne4 16. a3 a5 17. c4 a4 18. Re2 Nf6 19. Rae1 dxc4 20. Qxc4 Nd5 21. Bg5 f6 22. Bd2 Kf8 23. Re6 Nc7 24. Rxe7 Rxe7 25. Bb4 Nd5 26. Bxe7+ Nxe7 27. Qb4 Qd7 28. d5 cxd5 29. Nd4 Kf7 30. Nb5 Nc6 31. Nd6+ Kg8 32. Qc5 Ra5 33. Qxa5 Nxa5 34. Re8+ Qxe8 35. Nxe8 Nc4 36. Kf1 Nxb2 37. Nd6 b6 38. Nb5 Kf7 39. Ke2 Ke6 40. Ke3 Nc4+ 41. Kd4 f5 42. Nc7+ Kd6 43. Nxd5 b5 44. Ne3 Nxe3 45. fxe3 h5 46. Kd3 Kd5 47. Kc3 Kc5 0-1

[Event "Niedersachsen-ch Seniors op 13th"]
[Site "Bad Bevensen"]
[Date "2010.07.12"]
[Round "7"]
[White "Brueggemann, Hans"]
[Black "Bendisch, Juergen"]
[Result "1/2-1/2"]
[WhiteElo "1693"]
[BlackElo "1780"]
[PlyCount "85"]
[EventDate "2010.07.06"]
[EventType "swiss"]
[EventRounds "9"]
[EventCountry "GER"]
[SourceTitle "EXT 2012"]
[Source "ChessBase"]
[SourceDate "2011.11.24"]
[SourceVersion "1"]
[SourceVersionDate "2011.11.24"]
[SourceQuality "1"]

1. e4 c5 2. Nf3 e6 3. c3 d5 4. exd5 Qxd5 5. c4 Qd8 6. Nc3 a6 7. Be2 Nc6 8. d3 Nf6 9. 0-0 Be7 10. h3 0-0 11. Bf4 Bd6 12. Bxd6 Qxd6 13. Ne4 Qe7 14. Nxf6+ Qxf6 15. Qb3 Rb8 16. a4 Rd8 17. Rfe1 Bd7 18. Rad1 Be8 19. Qa3 b6 20. Nd2 Nb4 21. Qb3 Bc6 22. Ne4 Qe7 23. Bf1 a5 24. Re3 Rd4 25. Nc3 Qb7 26. Nb5 Rd7 27. Qc3 Na6 28. Rg3 g6 29. Qf6 Nc7 30. Nxc7 Qxc7 31. b3 Rd4 32. Re1 Rf4 33. Qe5 Qxe5 34. Rxe5 Rd8 35. Rge3 Rfd4 36. g3 R8d6 37. h4 h6 38. f4 Kf8 39. h5 Kg7 40. hxg6 Kxg6 41. Be2 Bd7 42. Bh5+ Kg7 43. Be2 1/2-1/2

[Event "Niedersachsen-ch Seniors op 13th"]
[Site "Bad Bevensen"]
[Date "2010.07.11"]
[Round "6"]
[White "Ludwig, Timm"]
[Black "Brueggemann, Hans"]
[Result "0-1"]
[WhiteElo "1423"]
[BlackElo "1693"]
[PlyCount "78"]
[EventDate "2010.07.06"]
[EventType "swiss"]
[EventRounds "9"]
[EventCountry "GER"]
[SourceTitle "EXT 2012"]
[Source "ChessBase"]
[SourceDate "2011.11.24"]
[SourceVersion "1"]
[SourceVersionDate "2011.11.24"]
[SourceQuality "1"]

1. d4 Nf6 2. c4 e6 3. Nc3 d5 4. e3 g6 5. Nf3 Bg7 6. Qc2 Nc6 7. cxd5 exd5 8. Bb5 Bd7 9. Ne5 Nxe5 10. dxe5 Ng4 11. f4 c6 12. Be2 Nh6 13. Bd2 0-0 14. 0-0-0 Nf5 15. g4 d4 16. gxf5 dxc3 17. Bxc3 Qc8 18. f6 Bh6 19. Rd6 Re8 20. Rhd1 Be6 21. R6d2 Bf8 22. b3 a5 23. Kb2 b5 24. a3 b4 25. axb4 axb4 26. Bd4 c5 27. Bb5 Rd8 28. Bxc5 Rxd2 29. Qxd2 Qxc5 30. Ba4 Rc8 31. Rc1 Qxc1+ 32. Qxc1 Rxc1 33. Kxc1 Bc5 34. Kd2 Bf5 35. Bb5 Be6 36. Bc4 Bxc4 37. bxc4 b3 38. Kc3 Bxe3 39. Kxb3 Bxf4 0-1

[Event "Bad Bevensen Seniors op 12th"]
[Site "Bad Bevensen"]
[Date "2009.07.12"]
[Round "6"]
[White "Oppermann, Peter"]
[Black "Brueggemann, Hans"]
[Result "1-0"]
[WhiteElo "1873"]
[BlackElo "1732"]
[PlyCount "97"]
[EventDate "2009.07.07"]
[EventType "swiss"]
[EventRounds "9"]
[EventCountry "GER"]
[SourceTitle "EXT 2022"]
[Source "ChessBase"]
[SourceDate "2021.10.06"]
[SourceVersion "1"]
[SourceVersionDate "2021.10.06"]
[SourceQuality "1"]

1. d4 Nf6 2. c4 d5 3. Nc3 e6 4. Nf3 Be7 5. e3 Nbd7 6. Bd3 c5 7. 0-0 0-0 8. Qc2 Nb6 9. b3 cxd4 10. exd4 h6 11. c5 Nbd7 12. b4 Nb8 13. Re1 Nc6 14. a3 a6 15. Ne2 Re8 16. Ng3 Qc7 17. Ne5 Nxd4 18. Qc3 Nc6 19. f4 d4 20. Qd2 Nxe5 21. fxe5 Nd7 22. Qf4 f6 23. Qe4 Nf8 24. Qxd4 Rd8 25. Qe3 Qxe5 26. Qxe5 fxe5 27. Be4 a5 28. Be3 axb4 29. axb4 Rxa1 30. Rxa1 Nd7 31. Ra7 Nf6 32. Bxb7 Bxb7 33. Rxb7 Rd1+ 34. Kf2 Nd5 35. c6 Bd6 36. b5 Rb1 37. b6 Rb2+ 38. Kf3 Rb3 39. Nf1 Rc3 40. c7 Ne7 41. Ra7 Kh7 42. b7 Bxc7 43. b8Q Bxb8 44. Rxe7 Rc6 45. Nd2 Kg6 46. Ne4 Bc7 47. h4 Bd8 48. h5+ Kh7 49. Nf6+ 1-0

[Event "Bad Bevensen Seniors op 12th"]
[Site "Bad Bevensen"]
[Date "2009.07.07"]
[Round "1"]
[White "Brueggemann, Hans"]
[Black "Haak, Gerhard"]
[Result "1-0"]
[WhiteElo "1732"]
[BlackElo "719"]
[PlyCount "56"]
[EventDate "2009.07.07"]
[EventType "swiss"]
[EventRounds "9"]
[EventCountry "GER"]
[SourceTitle "EXT 2022"]
[Source "ChessBase"]
[SourceDate "2021.10.06"]
[SourceVersion "1"]
[SourceVersionDate "2021.10.06"]
[SourceQuality "1"]

1. e4 e5 2. Nf3 Nc6 3. Bc4 f6 4. 0-0 a6 5. a4 a5 6. d4 Nge7 7. d5 Na7 8. d6 cxd6 9. Qxd6 Nec6 10. Qd5 Qe7 11. c3 d6 12. Be3 Nd8 13. Qxa5 Ndc6 14. Bb5 Qd8 15. Bxc6+ bxc6 16. Qxd8+ Kxd8 17. Bb6+ Kd7 18. Rd1 Ba6 19. Rd2 Bc4 20. Na3 Bb3 21. Be3 c5 22. Bxc5 Nc6 23. Nb5 Rxa4 24. Rxa4 Bxa4 25. Bxd6 Bxd6 26. Rxd6+ Ke7 27. Rxc6 Bxb5 28. Rc7+ Bd7 1-0

[Event "Niedersachsen-ch Seniors op 11th"]
[Site "Bad Bevensen"]
[Date "2008.07.10"]
[Round "3"]
[White "Heinrich, Hans"]
[Black "Brueggemann, Hans"]
[Result "1/2-1/2"]
[WhiteElo "1991"]
[BlackElo "1754"]
[PlyCount "48"]
[EventDate "2008.07.08"]
[EventType "swiss"]
[EventRounds "9"]
[EventCountry "GER"]
[SourceTitle "EXT 2022"]
[Source "ChessBase"]
[SourceDate "2021.10.06"]
[SourceVersion "1"]
[SourceVersionDate "2021.10.06"]
[SourceQuality "1"]

1. d4 d5 2. Nc3 Nf6 3. Bf4 c6 4. e4 Nxe4 5. Nxe4 dxe4 6. f3 Bf5 7. Bc4 e6 8. g4 Bg6 9. h4 h5 10. g5 Bd6 11. Nh3 Qc7 12. Qd2 exf3 13. 0-0-0 Nd7 14. Qh2 Bxf4+ 15. Nxf4 Bf5 16. g6 Nb6 17. gxf7+ Kxf7 18. Bxe6+ Bxe6 19. Nxe6 Qxh2 20. Ng5+ Kg6 21. Rxh2 Rhf8 22. Rf1 Rf4 23. Rxf3 Rxd4 24. Ne6 Rg4 1/2-1/2

[Event "EU-chT Seniors 10th"]
[Site "Dresden"]
[Date "2008.02.18"]
[Round "8.4"]
[White "Friedrich, Ekkehard"]
[Black "Brueggemann, Hans"]
[Result "0-1"]
[WhiteElo "1893"]
[BlackElo "1993"]
[PlyCount "87"]
[EventDate "2008.02.11"]
[EventType "team-swiss"]
[EventRounds "9"]
[EventCountry "GER"]
[SourceTitle "CBM 122 Extra"]
[Source "ChessBase"]
[SourceDate "2008.03.04"]
[SourceVersion "1"]
[SourceVersionDate "2008.03.04"]
[SourceQuality "1"]
[WhiteTeam "Stoertebeker"]
[BlackTeam "Bremen"]
[WhiteTeamCountry "GER"]
[BlackTeamCountry "GER"]

1. f4 d5 2. Nf3 Nf6 3. e3 Nbd7 4. Be2 e6 5. 0-0 Bd6 6. d3 e5 7. fxe5 Nxe5 8. Nxe5 Bxe5 9. Nd2 c6 10. Nf3 Bd6 11. Bd2 Qb6 12. Qc1 0-0 13. c3 Re8 14. b4 Bg4 15. Nd4 Bxe2 16. Nxe2 Ng4 17. Rf3 Bxh2+ 18. Kh1 Bc7 19. d4 c5 20. Kg1 cxd4 21. cxd4 Bh2+ 22. Kf1 Bd6 23. Qb1 Nh2+ 24. Kf2 Nxf3 25. gxf3 Qd8 26. Qh1 Qf6 27. a3 Rac8 28. Ra2 Rc6 29. Qh5 Qe6 30. f4 g6 31. Qh4 h5 32. Ng3 Qg4 33. Qh1 h4 34. Ne2 Re4 35. Ra1 h3 36. Rg1 Qh4+ 37. Kf3 Rc2 38. Rg4 Qh6 39. Qe1 Be7 40. Ng3 h2 41. Nh1 Qh5 42. Ng3 Qh3 43. Kf2 Qxg4 44. Kg2 0-1

[Event "Niedersachsen-ch Seniors op 10th"]
[Site "Bad Bevensen"]
[Date "2007.07.10"]
[Round "8"]
[White "Nietsch, Horst"]
[Black "Brueggemann, Hans"]
[Result "0-1"]
[WhiteElo "1876"]
[BlackElo "1734"]
[PlyCount "124"]
[EventDate "2007.07.03"]
[EventType "swiss"]
[EventRounds "9"]
[EventCountry "GER"]
[SourceTitle "EXT 2022"]
[Source "ChessBase"]
[SourceDate "2021.10.06"]
[SourceVersion "1"]
[SourceVersionDate "2021.10.06"]
[SourceQuality "1"]

1. e4 e5 2. Nf3 Nc6 3. Bb5 a6 4. Ba4 Be7 5. 0-0 b5 6. Bb3 Nf6 7. Re1 d6 8. c3 Na5 9. Bc2 c5 10. h3 Qc7 11. d4 cxd4 12. cxd4 0-0 13. d5 Bd7 14. Bd3 Nb7 15. Nbd2 Nc5 16. Bb1 a5 17. Nb3 a4 18. Nxc5 dxc5 19. Bg5 Qd6 20. Bd3 h6 21. Be3 c4 22. Bc2 Qc7 23. Rc1 Bd6 24. Nh2 Bb4 25. Rf1 Bd6 26. a3 Rfd8 27. Qf3 Be7 28. Rfd1 Nh7 29. Ng4 Bxg4 30. Qxg4 Bg5 31. Bxg5 hxg5 32. h4 gxh4 33. Qxh4 Qd6 34. g3 Ra6 35. Kg2 Qf6 36. Qg4 Rc8 37. Rh1 Qg5 38. Qxg5 Nxg5 39. Rh5 f6 40. f4 Nf7 41. Bd1 g6 42. Rh2 Kg7 43. Bg4 Rh8 44. Rxh8 Kxh8 45. Be6 Nd6 46. Kf3 Kg7 47. Bd7 Rb6 48. g4 b4 49. Bxa4 bxa3 50. bxa3 Ra6 51. fxe5 fxe5 52. Bc2 Rxa3+ 53. Ke2 Rg3 54. g5 Rxg5 55. Kf3 Rh5 56. Kg3 Kh6 57. Ra1 Rg5+ 58. Kf3 Nb5 59. Ba4 Nd4+ 60. Kf2 Rg4 61. Ke3 Rg3+ 62. Kd2 Rd3+ 0-1

[Event "Niedersachsen-ch Seniors op 10th"]
[Site "Bad Bevensen"]
[Date "2007.07.08"]
[Round "6"]
[White "Ophoff, Rigobert"]
[Black "Brueggemann, Hans"]
[Result "1/2-1/2"]
[WhiteElo "1908"]
[BlackElo "1734"]
[PlyCount "78"]
[EventDate "2007.07.03"]
[EventType "swiss"]
[EventRounds "9"]
[EventCountry "GER"]
[SourceTitle "EXT 2022"]
[Source "ChessBase"]
[SourceDate "2021.10.06"]
[SourceVersion "1"]
[SourceVersionDate "2021.10.06"]
[SourceQuality "1"]

1. d4 d5 2. c4 c6 3. Nf3 Nd7 4. cxd5 cxd5 5. Nc3 e6 6. Bf4 Be7 7. e3 a6 8. Bd3 Ngf6 9. 0-0 0-0 10. Rc1 b5 11. Qe2 Nh5 12. Be5 f5 13. Qc2 Nhf6 14. Ne2 Nxe5 15. dxe5 Ne4 16. Ned4 Qe8 17. Nc6 Rf7 18. Nxe7+ Qxe7 19. Nd4 Bb7 20. f3 Rc8 21. Qe2 Nc5 22. f4 g6 23. Rc2 Rff8 24. Rfc1 Kf7 25. a3 Nxd3 26. Qxd3 Qd7 27. Rc5 Rxc5 28. Rxc5 Rc8 29. Qc3 Ke7 30. Rxc8 Qxc8 31. Qxc8 Bxc8 32. b4 Kd7 33. Kf2 Ke7 34. Nf3 h6 35. h4 Kf7 36. Ke2 Ke7 37. Kd3 Kd7 38. Kd4 Kc6 39. g3 Kb6 1/2-1/2